Expert Mode Boss Items - Terraria - Statistics

General Stats
  • This quiz has been taken 5 times
  • The average score is 13 of 20
Answer Stats
Boss Item % Correct
Skeletron Bone Glove
100%
Brain of Cthulhu Brain of Confusion
100%
Wall of Flesh Demon Heart
100%
Queen Bee Hive Pack
100%
King Slime Royal Gel
100%
Eye of Cthulhu Shield of Cthulhu
100%
Eater of Worlds Worm Scarf
100%
Deerclops Bone Helm
67%
Moon Lord Gravity Globe
67%
The Destroyer Mechanical Wagon Piece
67%
The Twins Mechanical Wheel Piece
67%
Golem Shiny Stone
67%
Duke Fishron Shrimpy Truffle
67%
Empress of Light Soaring Insignia
67%
Plantera Spore Sac
67%
Moon Lord Celestial Starboard
33%
Mechanical Bosses Minecart Upgrade Kit
33%
Moon Lord Suspicious Looking Tentacle
33%
Skeletron Prime Mechanical Battery Piece
0%
Queen Slime Volatile Gelatin
0%
No matching quizzes found
Score Distribution
Percent of People with Each Score
Percentile by Number Answered
Your Score History
You have not taken this quiz